书目信息 |
| 题名: |
埋地塑料给水管道工程技术规程
|
|
| 作者: | ;住房和城乡建设部科技发展促进中心 主编 ;中华人民共和国住房和城乡建设部 发布 | |
| 分册: | ||
| 出版信息: | 北京 中国建筑工业出版社 2016.8 |
|
| 页数: | 112页 | |
| 开本: | 20cm | |
| 丛书名: | 中华人民共和国行业标准 | |
| 单 册: | ||
| 中图分类: | TU991.36-65 | |
| 科图分类: | ||
| 主题词: | 给水工程:市政工程 , 城市供水系统 | |
| 电子资源: | ||
| ISBN: | 15112-28824 | |
| 000 | 01561oam2 2200361 45 | |
| 001 | 1757654664 | |
| 005 | 20190321153048.86 | |
| 010 | @a15112-28824@dCNY19.00 | |
| 019 | @a28824 | |
| 100 | @a20160923d2016 km y0chiy0121 eb | |
| 101 | 0 | @achi |
| 102 | @aCN@b110000 | |
| 105 | @aa z 000yy | |
| 110 | @abuu 0xx0 | |
| 200 | 1 | @a埋地塑料给水管道工程技术规程@Amai di su liao gei shui guan dao gong cheng ji shu gui cheng@9mai di su liao ji shui guan dao gong cheng ji shu gui cheng CJJ101-2016@eCJJ101-2016@f住房和城乡建设部科技发展促进中心主编@g中华人民共和国住房和城乡建设部发布 |
| 210 | @a北京@c中国建筑工业出版社@d2016.8 | |
| 215 | @a112页@c图@d20cm | |
| 219 | @a32开@b102千字@c3.876印张 | |
| 225 | 2 | @a中华人民共和国行业标准@9zhong hua ren min gong he guo hang ye biao zhun |
| 300 | @a2016-04-20发布, 2016-11-01实施 | |
| 330 | @a本规程的主要技术内容是:1 总则;2 术语和符号;3 材料;4 管道系统设计;5 管道工程施工;6 水压试验、冲洗与消毒;7 竣工验收。 | |
| 410 | 0 | @12001 @a中华人民共和国行业标准 |
| 461 | 0 | @12001 @a中华人民共和国行业标准 |
| 517 | 1 | @aCJJ101-2016 |
| 606 | 0 | @a给水工程:市政工程 |
| 606 | 0 | @a城市供水系统 |
| 690 | @aTU991.36-65@v4 | |
| 699 | @aT@b略 | |
| 711 | 02 | @a住房和城乡建设部科技发展促进中心@9zhu fang he cheng xiang jian she bu ke ji fa zhan cu jin zhong xin@4主编 |
| 712 | 02 | @a中华人民共和国住房和城乡建设部@9zhong hua ren min gong he guo zhu fang he cheng xiang jian she bu@4发布 |
| 801 | 0 | @aCN@b中国建筑工业出版社@c20160923 |
| 905 | @aMUSE@dTU991.36-65@eZ9111 | |
| 906 | @dCNY19.00@n3@r1 | |
| 埋地塑料给水管道工程技术规程:CJJ101-2016/住房和城乡建设部科技发展促进中心主编/中华人民共和国住房和城乡建设部发布.-北京:中国建筑工业出版社,2016.8 |
| 112页:图;20cm.-(中华人民共和国行业标准) |
| 2016-04-20发布, 2016-11-01实施 |
| ISBN 15112-28824:CNY19.00 |
| 本规程的主要技术内容是:1 总则;2 术语和符号;3 材料;4 管道系统设计;5 管道工程施工;6 水压试验、冲洗与消毒;7 竣工验收。 |
| ● |
| 相关链接 |
|
|
|
正题名:埋地塑料给水管道工程技术规程
索取号:TU991.36-65/Z9111
 
预约/预借
| 序号 | 登录号 | 条形码 | 馆藏地/架位号 | 状态 | 备注 |
| 1 | 1244566 | 212445665 | 建筑库201/201建筑库 134排2列1层/ [索取号:TU991.36-65/Z9111] | 在馆 | |
| 2 | 1308291 | 213082910 | 市政与环境工程学院资料室/ [索取号:TU991.36/Z9111] | 在馆 |